| 000 | 00615nam a2200193Ia 4500 | ||
|---|---|---|---|
| 003 | GCL | ||
| 005 | 20240530105104.0 | ||
| 008 | 140319s9999 xx 000 0 ara d | ||
| 040 |
_aGCL / _cGCL |
||
| 082 | 0 | 4 |
_a364.1524 _bهـ ا |
| 100 | 1 | _aهانى الخير | |
| 245 | 1 | 0 |
_aاشهر الاغتيالات السياسية فى العالم / _cهانى الخير |
| 250 | _aالثانية | ||
| 260 |
_aبيروت : _bدار اسامة للنشر والتوزيع ، _c1988 |
||
| 300 |
_a174 ص ؛ _c24 سم |
||
| 650 | 0 | 4 | _aالاغتيال |
| 650 | 0 | 4 | _aالجرائم السياسية |
| 942 |
_2ddc _cBK |
||
| 999 |
_c53068 _d53068 |
||